000 00629nam a22001815i 4500
001 155520
003 ES-MaACL
005 20230906210118.0
008 040721q18861904xxk |||| | eng d
040 _aCAM
_bspa
_cCAM
100 1 _aHolmes, Oliver Wendell.
_964060
245 1 4 _aThe autocrat of the breakfast-table /
_cby Oliver Wendell Holmes.
260 _aLondon [etc] :
_bThe Walter Scott publishing Co.,
_c[s.a.]
300 _aVII, 271 p. ;
_c17 cm.
596 _aEl editor ejerce ca. 1886-1904.
752 _aGran BretaƱa -
_cLondres
852 _aES-MaACL
_jG-2008
_z-- Enc. hol. con puntas, hierros y cantos dorados
999 _c155520
_d155520